Online Catalogue and eLibrary

Stories from the diaspora : (Record no. 3107)

MARC details
000 -LEADER
fixed length control field 00457nam a2200181Ia 4500
005 - DATE AND TIME OF LATEST TRANSACTION
control field 20240826012318.0
008 - FIXED-LENGTH DATA ELEMENTS--GENERAL INFORMATION
fixed length control field 240331s9999 xx 000 0 und d
020 ## - INTERNATIONAL STANDARD BOOK NUMBER
ISBN 9551266242
082 ## - DDC Classification
Item Number - Author Mark THI
Class No. 800
100 ## - MAIN ENTRY--PERSONAL NAME
Personal name Thiruchandran, S
245 #0 - TITLE STATEMENT
Title Stories from the diaspora :
Remainder of title Tamil women, writing
260 ## - PUBLICATION, DISTRIBUTION, ETC.
Place of publication, distribution, etc. Colombo
Name of publisher, distributor, etc. Vijitha Yapa Publications
Date of publication, distribution, etc. 2006
300 ## - PHYSICAL DESCRIPTION
Extent (e.g. Volumes, Pages etc.) 96 p .,
650 ## - SUBJECT ADDED ENTRY--TOPICAL TERM
Topical term or geographic name entry element Woman
650 ## - SUBJECT ADDED ENTRY--TOPICAL TERM
Topical term or geographic name entry element Social
650 ## - SUBJECT ADDED ENTRY--TOPICAL TERM
Topical term or geographic name entry element Political
942 ## - Koha item type (Biblio)
Koha item type Books in Stacks (Lending)
Holdings
Lost status Damaged status Collection code Home library Current library Shelving location Date acquired Full call number Accession Number Item type
    Lending WERC Library WERC Library Social Science Cupboard 03/31/2024 800 THI 5597 Books in Stacks (Lending)

© WERC Library